000
00325nam a22001337a 4500
008
171106b xxu||||| |||| 00| 0 eng d
020
_a
9781934319840
041
_a
eng
080
_2
2ND
_a
330.722.6
100
_a
62
101
_a
KON
245
_a
FINANCIAL ACCOUNTING FOR EXECUTIVES & MBAS
_c
FERRIS,K,.R
942
_2
udc
_c
BK
999
_c
37906
_d
37906